000 00670nam a2200229 i 4500
001 140981
003 ES-MaACL
005 20230906200208.0
007 t|
008 070918s1971 sp ||||1| spa d
080 _a820-311.2"19"
100 1 _aYoung, Agatha.
_9117678
245 1 0 _aJuro por Apolo
_b: novela /
_cAgatha Young ; [traducción del inglés por Josefina Guerrero].
250 _a[1ª ed.].
260 _aBarcelona :
_bPlaneta,
_c[1971]
300 _a553 p. ;
_c22 cm.
490 1 _aOmnibus ;
_v70
700 1 _aGuerrero, Josefina.
_960555
830 0 _aOmnibus ;
_v70
_9177342
852 _aES-MaACL
_jC-39369
_bR.76847
999 _c140981
_d140981